Eğitim bilimleri bakış açısıyla eğitimin güncel sorunları ve çözüm önerileri toplantısı 10-11 Şubat 2004 (Record no. 6806)
[ view plain ]
| 000 -BAŞLIK | |
|---|---|
| Sabit Uzunlukta Kontrol Alanı | 00984na a2200241 4500 |
| 001 - KONTROL NUMARASI | |
| Denetim Alanı | 19750 |
| 003 - KONTROL NUMARASI IDENTIFIER | |
| Denetim Alanı | MIRAKIL |
| 005 - SON İŞLEM TARİHİ VE ZAMANI | |
| Denetim Alanı | 20181213155120.0 |
| 008 - SABİT-BOY VERİ ELEMANLARI - GENEL BİLGİLER | |
| Sabit Uzunlukta Kontrol Alanı | 161226b tu 000 0 |
| 020 ## - ULUSLARARASI STANDART KİTAP NUMARASI | |
| Uluslararası Standart Kitap Numarası | 9754826447 |
| 040 ## - KATALOGLAMA KAYNAK | |
| Orijinal Kataloglama Ajansı | Milas |
| Kataloglama Dili | tur |
| Metne Dönüştürmek Ajansı | TR-AnCHP |
| 041 ## - DİL KODU | |
| Metin / Ses Parça Veya Ayrı Başlığın Dil Kodu | tur |
| 082 ## - DEWEY ONLU SINIFLANDIRMA NUMARASI | |
| Sınıflandırma Numarası | 378.007 |
| Ürün Numarası | E35 2004 |
| 090 ## - SINIFLAMA NUMARASI | |
| Sınıflama Numarası | 378.007 E35 2004 |
| 111 ## - ANA GİRİŞ - TOPLANTI ADI | |
| Giriş Elemanı Olarak Toplantı Adı Veya Yargı Alanı Adı | Eğitim Bilimleri Bakış Açısıyla Eğitimin Güncel Sorunları ve Çözüm Önerileri Toplantısı |
| Toplantı Veya Antlaşma İmzalandığı Tarihi | 2004 |
| 245 ## - BAŞLIK TABLOSU | |
| Başlık | Eğitim bilimleri bakış açısıyla eğitimin güncel sorunları ve çözüm önerileri toplantısı 10-11 Şubat 2004 |
| Başlığın Kalan | sonuç bildirgesi |
| Sorumluluk Tablosu, Vb | Ankara Üniversitesi Eğitim Bilimleri Fakültesi |
| 260 ## - YAYIN, DAĞITIM, VB | |
| Yayın, Dağıtım, Vb Yeri | Ankara |
| Yayıncı, Dağıtıcı, Vs Adı | Ankara Üniversitesi |
| Yayın, Dağıtım, Vb Tarihi | 2004 |
| 300 ## - FİZİKSEL TANIM | |
| Kapsam | 21 s. |
| Boyutlar | 21 sm. |
| 500 ## - GENEL NOT | |
| Genel Not | Yapıt adı başında: Eğitim fakülteleri eğitim sorunlarını tartışıyor! |
| 650 ## - KONU KATMA GİRİŞ - TOPİKAL DÖNEM | |
| Topikal Süreli Veya Coğrafi Ad Giriş Elemanı | Yüksek öğretim |
| Genel Alt Bölümü | Sorunlar |
| Kronolojik Alt Bölümü | Toplantılar |
| 710 ## - KATMA GİRİŞ - KURUMSAL ADI | |
| Giriş Elemanı Olarak Kurumsal Ad Veya Yargı Alanı Adı | Ankara Üniversitesi Eğitim Bilimleri Fakültesi |
| 942 ## - EKLENDİ GİRİŞ ELEMANLARI (KOHA) | |
| Sınıflandırma Veya Raf Düzeni Kaynak | Dewey Decimal Classification |
| Koha Öğesi Türü | Books |
| 999 ## - SİSTEM KONTROL NUMARALARI (KOHA) | |
| Koha Biblionumber | 6806 |
| Koha Biblioitemnumber | 6806 |
| Kalıcı Konum | Mevcut Konum | Edinme Tarihi | Edinim Kaynak | Toplam Check-Out'Lar | Tam Çağrı Numarası | Barkod | Tarih Son Görülme | İtibaren Geçerli Fiyatlar | Koha Öğesi Türü |
|---|---|---|---|---|---|---|---|---|---|
| CHP Kütüphanesi | CHP Kütüphanesi | 12/26/2016 | Bağış | 378.007 E35 2004 | 010296 | 12/26/2016 | 12/26/2016 | Books |
